| 000 | 01005nam a22002057a 4500 | ||
|---|---|---|---|
| 999 |
_c59391 _d59391 |
||
| 003 | Ge_BSU | ||
| 005 | 20230208150530.0 | ||
| 008 | 230208s2001 ge ||||| |||| 00| 0 geo d | ||
| 020 | _a9992822716 | ||
| 041 | _ageo | ||
| 080 | _a340(479.22) ფ-20 | ||
| 100 |
_aფალიაშვილი, აპოლონ _9241 |
||
| 245 |
_aსაქართველოს სამართალდამცავი ორგანოები : _b[იურიდ. ფაკ. სტუდ. / _cაპოლონ ფალიაშვილი ; რედ.: შოთა ფაფიაშვილი]. |
||
| 264 |
_aთბილისი : _bმერიდიანი, _c2001. |
||
| 300 |
_a296 გვ. ; _b20 სმ. |
||
| 653 | _aსაქართველოს სამართალდამცავი ორგანოები. | ||
| 653 | _aსამართალი | ||
| 700 |
_aფაფიაშვილი, შოთა _eრედაქტორი _93829 |
||
| 942 |
_2udc _cBK |
||